000
00318nam a22001217a 4500
040
_c
SY
082
_a
639
100
_a
SAM SARON'; សំ សារ៉ន
245
_a
ការចិញ្ចឹមាន់តាមលក្ខណៈគ្រួសារ
260
_a
RUA
_b
SAM
_c
1994
300
_a
45p.
942
_c
KB
999
_c
9613
_d
9613